000 00238nam a2200097 a 4500
005 20140414131952.0
008 110207s19uu xx 00 eng d
050 _aTR 808.882
_bT22 2004
245 _aTeacher jokes for kids.
999 _c112823
_d112823